| 000 | 00431pab a2200157 454500 | ||
|---|---|---|---|
| 008 | 180718b2010 xxu||||| |||| 00| 0 eng d | ||
| 100 | _aKern, Thomas | ||
| 245 | _aTranslating global values into national contexts: the rise of environmentalism in South Korea | ||
| 260 | _c2010 | ||
| 300 | _ap.869-896. | ||
| 362 | _aNov | ||
| 650 | _aEnvironmental policy | ||
| 773 | _aInternational Sociology | ||
| 908 | _aN | ||
| 909 | _a89911 | ||
| 999 |
_c89911 _d89911 |
||